000 00563nam a2200157 i 4500
001 80359
003 ES-MaACL
007 t|
008 041027s1954 sp ||||1| spa d
100 1 _aHochberg, Luv.
_963869
245 1 3 _aEl enfermo y la intervención quirúrgica del tórax
_b: anestesia y tratamiento pre y postoperatorio /
_cLuv Hochberg ; versión española de Baldomero Cordón Bonet.
260 _aMadrid :
_bAlhambra,
_c1954 (
_fSèz)
300 _a448 p. ;
_c22 cm.
700 1 _aCordón Bonet, Baldomero.
_940561
852 _aES-MaACL
_jC-8979
_bR.37117
999 _c80359
_d80359